[Event "SVR-ch MTA"]
[Site "Lahnstein"]
[Date "2019.04.19"]
[Round "6"]
[White "Marquardt, Christian"]
[Black "Fink, Christian"]
[Result "1-0"]
[WhiteElo "2091"]
[BlackElo "2151"]
[PlyCount "115"]
[EventDate "2019.04.13"]
[EventType "tourn"]
[EventRounds "7"]
[EventCountry "GER"]
[SourceTitle "EXT 2021"]
[Source "ChessBase"]
[SourceDate "2020.10.23"]
[SourceVersion "1"]
[SourceVersionDate "2020.10.23"]
[SourceQuality "1"]

1. d4 d6 2. Nf3 g6 3. c4 Bg7 4. Nc3 Nf6 5. Bg5 h6 6. Bh4 0-0 7. e3 Nc6 8. Be2 g5 9. Bg3 Nd7 10. h4 g4 11. Nd2 h5 12. Qc2 f5 13. Bf4 Nf6 14. Nf1 e5 15. dxe5 dxe5 16. Bg5 Be6 17. Ng3 Ne7 18. Bxf6 Bxf6 19. Nxh5 Bh8 20. Ng3 Bg7 21. Rd1 Qe8 22. Nd5 Bxd5 23. cxd5 Qd7 24. Bc4 Qd6 25. 0-0 e4 26. Nh5 Be5 27. g3 Rf7 28. Nf4 Rh7 29. Kg2 b5 30. Bb3 a5 31. a3 Rb8 32. Rd2 Bxf4 33. exf4 Ng6 34. Rh1 Rb6 35. Re2 Nf8 36. Rc1 Nd7 37. Qxc7 Kf8 38. Qxd6+ Rxd6 39. Rc6 Rxc6 40. dxc6 Nc5 41. Rc2 Na6 42. Be6 Re7 43. Bxf5 e3 44. fxe3 Rxe3 45. Bxg4 Nc7 46. Kf2 Rb3 47. h5 Ke7 48. Bd1 Rd3 49. Be2 Rd5 50. g4 Kf6 51. Ke3 Rd8 52. g5+ Ke6 53. Bg4+ Kd6 54. Rd2+ Nd5+ 55. Kf2 Kc7 56. Bf3 Nxf4 57. Rxd8 Kxd8 58. g6 1-0

[Event "Oberliga Sued W 1617"]
[Site "Germany"]
[Date "2016.11.20"]
[Round "3.7"]
[White "Fink, Christian"]
[Black "Busche, Stefan"]
[Result "1/2-1/2"]
[WhiteElo "2108"]
[BlackElo "2061"]
[PlyCount "67"]
[EventDate "2016.09.25"]
[EventType "team-tourn"]
[EventRounds "9"]
[EventCountry "GER"]
[SourceTitle "EXT 2018"]
[Source "ChessBase"]
[SourceDate "2017.10.13"]
[SourceVersion "1"]
[SourceVersionDate "2017.10.13"]
[SourceQuality "1"]
[WhiteTeam "Heimbach Weis/Neuwied"]
[BlackTeam "Saarbruecken SVG"]
[WhiteTeamCountry "GER"]
[BlackTeamCountry "GER"]

1. e4 c5 2. Nf3 e6 3. Nc3 Nc6 4. g3 d5 5. d3 Nf6 6. Bg5 Be7 7. Bg2 h6 8. Bd2 0-0 9. 0-0 a6 10. h3 b5 11. exd5 exd5 12. Ne2 Bb7 13. d4 Ne4 14. Be3 c4 15. c3 Re8 16. Nd2 Bd6 17. Nxe4 dxe4 18. Bf4 Ne7 19. Qd2 Nd5 20. Rfe1 Qc7 21. Bxd6 Qxd6 22. Nf4 Nxf4 23. Qxf4 Qxf4 24. gxf4 f5 25. Re3 Re6 26. b4 Rg6 27. Rg3 Rxg3 28. fxg3 h5 29. Bf1 Bd5 30. Be2 g6 31. Kf2 Kf7 32. Ke3 Ke7 33. a4 Kd6 34. axb5 1/2-1/2

[Event "SVR op"]
[Site "Nickenich"]
[Date "2015.03.29"]
[Round "3"]
[White "Fink, Christian"]
[Black "Hanig, Gunnar"]
[Result "1-0"]
[WhiteElo "2075"]
[BlackElo "1864"]
[PlyCount "63"]
[EventDate "2015.03.28"]
[EventType "swiss"]
[EventRounds "7"]
[EventCountry "GER"]
[SourceTitle "EXT 2016"]
[Source "ChessBase"]
[SourceDate "2015.10.08"]
[SourceVersion "1"]
[SourceVersionDate "2015.10.08"]
[SourceQuality "1"]

1. e4 c6 2. c4 d5 3. exd5 cxd5 4. cxd5 Qxd5 5. d4 Nc6 6. Nf3 e6 7. a3 Nf6 8. Nc3 Qd8 9. Bc4 Be7 10. 0-0 0-0 11. Re1 b6 12. Bf4 Bb7 13. Ba2 Bd6 14. Qd2 Bxf4 15. Qxf4 Ne7 16. Ne5 Ned5 17. Qh4 Rc8 18. Rac1 Qe7 19. Bb1 Rc7 20. Nxd5 Bxd5 21. Rxc7 Qxc7 22. Ng4 Rc8 23. Nxf6+ gxf6 24. Qxh7+ Kf8 25. h4 Qc6 26. Qh8+ Ke7 27. Qg7 Qa8 28. Bg6 Rf8 29. Rc1 Bxg2 30. Bxf7 Bc6 31. Bh5+ Kd6 32. Rxc6+ 1-0

[Event "Oberliga Sued W 1415"]
[Site "Germany"]
[Date "2015.02.22"]
[Round "7.5"]
[White "Fink, Christian"]
[Black "Scheiblauer, Heinrich"]
[Result "0-1"]
[WhiteElo "2146"]
[BlackElo "2178"]
[PlyCount "112"]
[EventDate "2014.09.21"]
[EventType "team-tourn"]
[EventRounds "9"]
[EventCountry "GER"]
[SourceTitle "EXT 2019"]
[Source "ChessBase"]
[SourceDate "2018.10.10"]
[SourceVersion "1"]
[SourceVersionDate "2018.10.10"]
[SourceQuality "1"]
[WhiteTeam "Heimbach Weis/Neuwied"]
[BlackTeam "Mutterstadt"]
[WhiteTeamCountry "GER"]
[BlackTeamCountry "GER"]

1. e4 c5 2. Nf3 e6 3. d4 cxd4 4. Nxd4 Nc6 5. Nc3 Qc7 6. Be3 a6 7. a4 Nf6 8. Be2 Bb4 9. f3 d5 10. Nxc6 bxc6 11. 0-0 0-0 12. exd5 cxd5 13. Na2 Bd6 14. f4 Bb7 15. Rc1 e5 16. c4 exf4 17. cxd5 Qe7 18. Bd4 Nxd5 19. Nc3 Ne3 20. Bxe3 fxe3 21. Qd4 Rad8 22. Qg4 Qe5 23. Qh3 Bb8 24. Rf5 Qe6 25. Rcf1 Bc8 26. Qh5 g6 27. Qg5 Qd6 28. R5f4 f6 29. Qh6 Qe7 30. Re4 Qg7 31. Bc4+ Kh8 32. Qxg7+ Kxg7 33. Re7+ Kh8 34. Kh1 Be5 35. Re1 Rd4 36. Bf1 Rh4 37. h3 Rb4 38. Rxe3 Rxb2 39. Ne2 Rb1 40. Rf3 Rd8 41. Rf2 Bf5 42. g4 Bd3 43. Kg2 Bd6 44. Re6 f5 45. Ng3 Bxg3 46. Bxd3 Rxd3 47. Rc2 Rb7 48. Rxa6 Bh4 49. a5 f4 50. Ra8+ Kg7 51. a6 Re7 52. Ra2 f3+ 53. Kh2 f2 54. a7 f1Q 55. Rg8+ Kh6 56. g5+ Bxg5 0-1

[Event "Rheinland Pfalz op 4th"]
[Site "Altenkirchen"]
[Date "2012.06.10"]
[Round "7"]
[White "Fink, Christian"]
[Black "Thomas, Andreas"]
[Result "1-0"]
[WhiteElo "2171"]
[BlackElo "1970"]
[PlyCount "67"]
[EventDate "2012.06.07"]
[EventType "swiss"]
[EventRounds "7"]
[EventCountry "GER"]
[SourceTitle "CBM 148 Extra"]
[Source "ChessBase"]
[SourceDate "2012.06.22"]
[SourceVersion "1"]
[SourceVersionDate "2012.06.22"]
[SourceQuality "1"]

1. e4 d6 2. d4 Nf6 3. Nc3 c6 4. Bg5 Nbd7 5. a4 Qa5 6. Qd2 e5 7. Nf3 Be7 8. Be2 0-0 9. 0-0 Qc7 10. a5 Re8 11. Rfe1 h6 12. Bh4 Nf8 13. h3 Ng6 14. Bf1 Nf4 15. Bxf6 Bxf6 16. Kh2 exd4 17. Nxd4 d5 18. g3 Be5 19. exd5 Nh5 20. f4 Nxf4 21. Rxe5 Qxe5 22. Qxf4 cxd5 23. Qxe5 Rxe5 24. a6 bxa6 25. Nc6 Re6 26. Nxd5 Bb7 27. Ncb4 Rd8 28. c4 Rb8 29. Nd3 Kf8 30. Nc5 Bxd5 31. Nd7+ Ke7 32. Nxb8 Bb7 33. c5 Kd8 34. Nxa6 1-0

[Event "Rheinland Pfalz op 4th"]
[Site "Altenkirchen"]
[Date "2012.06.09"]
[Round "5"]
[White "Kregelin, Jan"]
[Black "Fink, Christian"]
[Result "1/2-1/2"]
[WhiteElo "2088"]
[BlackElo "2171"]
[PlyCount "50"]
[EventDate "2012.06.07"]
[EventType "swiss"]
[EventRounds "7"]
[EventCountry "GER"]
[SourceTitle "CBM 148 Extra"]
[Source "ChessBase"]
[SourceDate "2012.06.22"]
[SourceVersion "1"]
[SourceVersionDate "2012.06.22"]
[SourceQuality "1"]

1. e4 c5 2. c3 d6 3. d4 Nd7 4. Nf3 a6 5. a4 e6 6. Bd3 Be7 7. 0-0 b6 8. Re1 Bb7 9. Nbd2 Qc7 10. Qe2 Rc8 11. Bxa6 Ngf6 12. Bxb7 Qxb7 13. e5 dxe5 14. Nxe5 cxd4 15. Nxf7 0-0 16. Ng5 dxc3 17. Qxe6+ Kh8 18. Ndf3 Bc5 19. bxc3 h6 20. Nf7+ Kh7 21. Nd6 Bxd6 22. Qxd6 Nc5 23. Be3 Nce4 24. Qd1 Nxc3 25. Qc2+ Nce4 1/2-1/2

[Event "SVR-ch MTA 33rd"]
[Site "Mendig"]
[Date "2010.03.28"]
[Round "4"]
[White "Fink, Christian"]
[Black "Puth, Dieter"]
[Result "1/2-1/2"]
[WhiteElo "2190"]
[BlackElo "2221"]
[PlyCount "34"]
[EventDate "2010.03.26"]
[EventType "tourn"]
[EventRounds "9"]
[EventCountry "GER"]
[SourceTitle "EXT 2011"]
[Source "ChessBase"]
[SourceDate "2010.11.26"]
[SourceVersion "1"]
[SourceVersionDate "2010.11.26"]
[SourceQuality "1"]

1. e4 c5 2. Nf3 d6 3. d4 cxd4 4. Nxd4 Nf6 5. Nc3 a6 6. a4 Nc6 7. Be2 e5 8. Nf5 Bxf5 9. exf5 d5 10. Bg5 d4 11. Bxf6 Qxf6 12. Nd5 Qd8 13. Bf3 Nb4 14. Nxb4 Bxb4+ 15. Kf1 Qc7 16. g3 0-0 17. Kg2 Rac8 1/2-1/2